zpět

Detail výsledku týmu

Klub Tyjátr, Svitavy

Datum a čas kvízu

21 Celkem bodů Celkový počet nahraných bodů na tomto kvízu bez doplňovacích otázek.
8. Pořadí na kvízu Konečné umístění týmu na tomto kvízu.

Zaznamenané odpovědi

# Otázka Odpověď Body Výsledky
1. V pondělí byl na hradě Špilber... D) je nafukovací 0
2. Cestující, kteří v úterý chtěl... B) Švýcarsko 1
3. 43letý šéfkuchař ukončil na vl... Radek Kašpárek, Jan Punčochář 1
4. V loterii Eurojackpot padla je... ze Švédska 0
5. Jak se jmenuje 19letý český te... Jakub Menšík 1
6. Grónsko sice není zcela suveré... .gl 1
7. Pokud byste chtěli okusit jedn... A 0
8. Že je Grónsko největším ostrov... C 1
9. Které tvrzení o Grónsku je pra... D 0
10. Pod kterým písmenem je snímek... A 0